000 01532nam a2200361 a 4500
001 ebr10683506
003 CaPaEBR
006 m u
007 cr cn|||||||||
008 120620s2012 nyua sb 001 0 eng d
010 _z 2012942456
020 _z9781622574841 (hardcover)
020 _z9781622574988 (e-book)
040 _aCaPaEBR
_cCaPaEBR
035 _a(OCoLC)846957492
050 1 4 _aQP99.3.A65
_bA66 2012eb
245 0 0 _aApolipoproteins
_h[electronic resource] :
_bregulatory functions, health effects and role in disease /
_cAdrik D. Sidorov and Misha Y. Nikitin, editors.
260 _aNew York :
_bNova Biomedical,
_c2012.
300 _ax, 154 p. :
_bill.
490 1 _aProtein biochemistry, synthesis, structure and cellular functions
490 1 _aProtein science and engineering
504 _aIncludes bibliographical references and index.
533 _aElectronic reproduction.
_bPalo Alto, Calif. :
_cebrary,
_d2013.
_nAvailable via World Wide Web.
_nAccess may be limited to ebrary affiliated libraries.
650 0 _aApolipoproteins.
650 0 _aApolipoproteins
_xHealth aspects.
655 7 _aElectronic books.
_2local
700 1 _aSidorov, Adrik D.
700 1 _aNikitin, Misha Y.
710 2 _aebrary, Inc.
830 0 _aProtein biochemistry, synthesis, structure, and cellular functions series.
830 0 _aProtein science and engineering.
856 4 0 _uhttp://site.ebrary.com/lib/rucke/Doc?id=10683506
_zAn electronic book accessible through the World Wide Web; click to view
999 _c31852
_d31852